| Tag |
First Indicator |
Second Indicator |
Subfields |
| LEADER |
00000cam a22000008a 4500 |
| 001 |
in00000014705 |
| 005 |
20151007052851.0 |
| 008 |
870702s1987 nyub b 00110 eng |
| 010 |
|
|
|a 87047609
|
| 020 |
|
|
|a 0801420199 (alk. paper)
|
| 035 |
|
|
|a (OCoLC)16224410
|
| 035 |
|
|
|9 AAA9500AM
|
| 040 |
|
|
|a DLC
|c DLC
|d TXA
|d UtOrBLW
|
| 043 |
|
|
|a n-us---
|
| 049 |
|
|
|a TXAM
|c [A11081278]
|
| 050 |
0 |
0 |
|a JK1071
|b .Z34 1988
|
| 050 |
|
4 |
|a JK1071
|b .Z34 1987
|
| 082 |
0 |
|
|a 321.02/0973
|2 19
|
| 100 |
1 |
|
|a Zagarri, Rosemarie,
|d 1957-
|
| 245 |
1 |
4 |
|a The politics of size :
|b representation in the United States, 1776-1850 /
|c Rosemarie Zagarri.
|
| 263 |
|
|
|a 8804
|
| 264 |
|
1 |
|a Ithaca :
|b Cornell University Press,
|c 1987.
|
| 300 |
|
|
|a x, 165 pages :
|b maps.
|
| 336 |
|
|
|a text
|b txt
|2 rdacontent
|
| 337 |
|
|
|a unmediated
|b n
|2 rdamedia
|
| 338 |
|
|
|a volume
|b nc
|2 rdacarrier
|
| 504 |
|
|
|a Includes bibliographical references and index.
|
| 650 |
|
0 |
|a Representative government and representation
|z United States
|x History.
|
| 650 |
|
0 |
|a Federal government
|z United States
|x History.
|
| 650 |
|
0 |
|a State governments
|x History.
|
| 999 |
|
|
|a MARS
|
| 999 |
f |
f |
|s ba268e5c-ff0c-3344-9078-ed48b3c73a92
|i 828af908-ee16-37a9-b828-4cd9e45a2097
|t 0
|
| 952 |
f |
f |
|p ric
|a Texas A&M University
|b Rellis Campus
|c Joint Library Facility
|d Remote Storage
|t 0
|e JK1071 .Z34 1987
|h Library of Congress classification
|i unmediated -- volume
|m A14811081278
|
| 998 |
f |
f |
|a JK1071 .Z34 1987
|t 0
|l Remote Storage
|